2025/26 EFL Championship teams. - Statistics

General Stats
  • This quiz has been taken 94 times
    82 since last reset
  • The average score is 20 of 24
Answer Stats
Answer % Correct
Sheffield United
97%
Sheffield Wednesday
97%
Coventry
94%
Leicester
92%
Birmingham
89%
Ipswich
89%
Norwich
89%
Southampton
89%
Swansea
88%
Watford
88%
Wrexham
88%
Oxford
86%
Portsmouth
86%
Millwall
85%
Stoke
85%
Hull
82%
West Brom
82%
Derby
80%
QPR
80%
Charlton
75%
Preston
75%
Blackburn
74%
Bristol City
74%
Middlesborough
68%
No matching quizzes found
Score Distribution
Percent of People with Each Score
Percentile by Number Answered
Your Score History
You have not taken this quiz since the last reset